000 00475nam a2200157 i 4500
001 97099
003 ES-MaACL
005 20230906182034.0
007 t|
008 050706s1942 sp ||||1| spa d
245 0 0 _aManual del Timbre del Estado /
_cpor la Redacción del Consultor de los Ayuntamientos.
260 _aMadrid :
_bImprenta Saez,
_c1942.
300 _a432 p. ;
_c20 cm.
650 _aTimbre (Impuesto)-
_zEspaña.
_9161971
852 _aES-MaACL
_jF-15629
_bR.19892
999 _c97099
_d97099